| 000 | 00828nam a22002417a 4500 | ||
|---|---|---|---|
| 003 | OSt | ||
| 005 | 20230301104910.0 | ||
| 008 | 220916b |||||||| |||| 00| 0 eng d | ||
| 040 | _cBiblioteca Lado V | ||
| 082 |
_a779.944 _bA775n |
||
| 100 |
_9764 _aArrieta, Fabrizio _efotografo |
||
| 245 | _aNo secrets between/ | ||
| 260 |
_aCosta Rica _bCornu Copia Zine _c2013 |
||
| 300 |
_c14x22cm _a75p. |
||
| 490 |
_a5 _v1 |
||
| 650 |
_2Tesauro de Arte & Arquitectura _aFOTOGRAFIA _9702 |
||
| 650 |
_2Tesauro de Arte & Arquitectura _aPAISAJE URBANO |
||
| 650 |
_2Tesauro de Arte & Arquitectura _aFOTOGRAFIA DE ARTE |
||
| 650 |
_2Tesauro de Arte & Arquitectura _aBLANCO Y NEGRO |
||
| 650 |
_2Tesauro de Arte & Arquitectura _aARTE |
||
| 700 |
_aFernandez, Guillermo _eeditor |
||
| 942 |
_2ddc _c1 _h779.944 _iA775n _n0 |
||
| 999 |
_c3091 _d3091 |
||